Statistics for Countries that Border Mali with Hints

Click here to take the quiz!

General Stats

  • This quiz has been taken 13 times
  • The average score is 7 of 7

Answer Stats

HintAnswer% Correct
Biggest country in AfricaAlgeria
100%
World’s largest exporter of cocoa beansIvory Coast
100%
Largest country lying below an altitude of 1,000 metresMauritania
100%
Nearly surrounds GambiaSenegal
100%
Formerly called ‘Upper Volta’Burkina Faso
92%
Named after the third longest river in AfricaNiger
92%
Has the world’s largest reserves of bauxiteGuinea
83%

Score Distribution

Percentile by Number Answered

Percent of People with Each Score

Your Score History

You have not taken this quiz